Szczegóły MARC21

Reklama w turystyce i rekreacji /

003 -Nazwa inst., której nr kontr. jest w polu 001 [,]
    • @
    • Nazwa instytucji, której n kontrolny jest w polu 001
    • NUKAT
005 -DATA I CZAS OSTATNIEJ MODYFIKACJI [,]
    • @
    • pole kontrolne
    • 20241231115849.0
020 -Międzynarod. znormalizowany nr książki - ISBN [ , ]
    • a
    • Numer ISBN
    • 8388537393 Find
040 -Instytucja sporządzająca opis [ , ]
    • a
    • Instytucja, która sporządziła opis (NP)
    • WA 14/MB
    • c
    • Instytucja, która sporządziła rekord (NP)
    • WA 14/MB
    • d
    • Instytucja, która zmodyfikowała rekord (P)
    • Ł U/TKs
942 -Rodzaj dokumentu [ , ]
    • c
    • Rodzaj dokumentu
    • Książka
100 -Hasło główne - nazwa osobowa [1, ]
    • a
    • Nazwa osobowa (NP)
    • Tauber, Roman Dawid
    • d
    • Daty biograficzne (NP)
    • (1945- ).
    • 9
    • KHW
    • 18548
245 -Strefa tytułu i oznaczenia odpowiedzialności [1,0]
    • a
    • Tytuł
    • Reklama w turystyce i rekreacji / Find
    • c
    • Pozostałe elementy strefy tytułu i oznaczenia odpowiedzialności (NP)
    • Roman Dawid Tauber, Lesław Wojtasik ; Wyższa Szkoła Hotelarstwa i Gastronomii w Poznaniu.
260 -Strefa adresu wydawniczego [ , ]
    • a
    • Miejsce wydania (P)
    • Poznań :
    • b
    • Nazwa wydawcy (P)
    • Wyższa Szkoła Hotelarstwa i Gastronomii,
    • c
    • Data wydania (P)
    • 2006.
300 -Strefa opisu fizycznego [ , ]
    • a
    • Określenie formy książki i/lub objętość (NP)
    • 78 s. :
    • b
    • Oznaczenie ilustracji (NP)
    • il. ;
    • c
    • Format (NP)
    • 24 cm.
336 -Typ zawartości [ , ]
    • a
    • Termin opisujący typ zawartości
    • Tekst
    • b
    • Kod określający zawartość
    • txt
    • 2
    • Źródło (terminu i kodu)
    • rdacontent
337 -Typ mediów [ , ]
    • a
    • Tryb odtwarzania
    • Bez urządzenia pośredniczącego
    • b
    • Kod typu mediów
    • n
    • 2
    • Źródło (terminu i kodu)
    • rdamedia
338 -Typ/rodzaj nośnika [ , ]
    • a
    • Hasło opisujące typ nośnika
    • Wolumin
    • b
    • Kod typu nośnika
    • nc
    • 2
    • Źródło (terminu i kodu)
    • rdacarrier
080 -Uniwersalna Klasyfikacja Dziesiętna [ , ]
    • 2
    • Identyfikator wydania tablic
    • UDC-P058
    • a
    • Symbol klasyfikacji
    • 338.48
    • b
    • Dopowiedzenie
    • Turystyka. Turyzm.
080 -Uniwersalna Klasyfikacja Dziesiętna [ , ]
    • 2
    • Identyfikator wydania tablic
    • UDC-P058
    • a
    • Symbol klasyfikacji
    • 379.83/.84
    • b
    • Dopowiedzenie
    • Czas wolny i rekreacja poza domem. Rekreacja na powietrzu, na wsi, w górach, nad wodą.
080 -Uniwersalna Klasyfikacja Dziesiętna [ , ]
    • 2
    • Identyfikator wydania tablic
    • UDC-P058
    • a
    • Symbol klasyfikacji
    • 659.1
    • b
    • Dopowiedzenie
    • Reklama. Planowanie reklamy. Skuteczność reklamy. Taktyka reklamy. Środki reklamy. Kampanie reklamowe.
650 -Hasło przedmiotowe [ ,7]
    • a
    • Hasło przedmiotowe
    • Reklama
    • x
    • Określnik rzeczowy
    • turystyka
    • v
    • Określnik formalny
    • podręczniki akademickie.
    • 2
    • Źródło terminu
    • kaba
    • 9
    • KHW
    • 442575
650 -Hasło przedmiotowe [ ,7]
    • a
    • Hasło przedmiotowe
    • Rekreacja
    • x
    • Określnik rzeczowy
    • reklama
    • v
    • Określnik formalny
    • podręczniki akademickie.
    • 2
    • Źródło terminu
    • kaba
    • 9
    • KHW
    • 524877
980 -Symbol UKD [ , ]
    • a
    • UKD
    • 338.48:379.83/.84:659.1
700 -Hasło dodatkowe - nazwa osobowa [1, ]
    • a
    • Nazwa osobowa (NP)
    • Wojtasik, Lesław Find
    • d
    • Daty biograficzne (NP)
    • (1933-2018).
    • 9
    • KHW
    • 10008
920 -ISBN [ , ]
    • a
    • ISBN
    • 83-88537-39-3 Find
Data inwentaryzacji Lokalizacja Status udost. Numer inwentarzowy
2008-05-06BG1Z.110790
2008-05-06T-2T.10032
2009-04-02T-2TM.6496